| 000 | 00494nam a2200181 i 4500 | ||
|---|---|---|---|
| 001 | bg | ||
| 245 | K |
_aGaseous electronics. Vol.1,Electrical discharges / _ced. by Merle N. Hirsh, H.J. Oskam. |
|
| 260 |
_aNew York : _bAcademic Press, _c1978. |
||
| 300 |
_aXIII, 506 s. : _brys. |
||
| 504 | _aBibliogr. | ||
| 700 | 1 |
_aHirsh, Merle N. _eRed. |
|
| 700 | 1 |
_aOskam, H. J. _eRed. |
|
| 040 | _cBPK | ||
| 041 | _apol | ||
| 080 | _a537.5 | ||
| 942 | _cKS | ||
| 008 | s pl f |000 0 pol | ||
| 999 |
_c18908 _d18908 |
||
| 856 |
_uhttp://koha.tu.koszalin.pl/cgi-bin/koha/opac-detail.pl?biblionumber=18908 _yKatalog online BPK |
||